Plan de mantenimiento al parque de maquinaria procesadora de yuca de la cooperativa agroindustrial NICARAHUAC R.L (NICARAHUACOOP, R.L).

Presenta el plan de mantenimiento al parque de maquinaria procesadora de yuca de la cooperativa agroindustrial NICARAHUAC R.L (NICARAHUACOOP, R.L), mediante la identificación de las prácticas de mantenimiento, determinar los elementos tecnológicos, se realizó un diagnóstico del estado técnico,...

Full description

Bibliographic Details
Main Authors: Hernández Pérez, Pedro Agustín, Putoy Cano, Joel Aníbal
Other Authors: Tutor: Suarez Dávila, Marlon Efrén
Format: Tesis Section = Libro
Language:Undetermined
Spanish
Published: Managua UNI 2015
Subjects:
LEADER 01375nam a2200265Ia 4500
008 240830s9999 xx 000 0 und d
040 |a BIBLIOTECA-RUPAP Mon 620.0046 H557 
041 |a spa 
082 |a Mon 620.0046 H557 
100 1 |a Hernández Pérez, Pedro Agustín 
100 1 |b  Putoy Cano, Joel Aníbal 
245 1 0 |a Plan de mantenimiento al parque de maquinaria procesadora de yuca de la cooperativa agroindustrial NICARAHUAC R.L (NICARAHUACOOP, R.L). 
260 |a Managua  |b UNI  |c 2015 
300 |a 91 p. :il. 
500 |a Contiene: anexos y CD. 
502 |a Tesis (Ingeniero Industrial)- UNI, 2015. 
520 3 |a Presenta el plan de mantenimiento al parque de maquinaria procesadora de yuca de la cooperativa agroindustrial NICARAHUAC R.L (NICARAHUACOOP, R.L), mediante la identificación de las prácticas de mantenimiento, determinar los elementos tecnológicos, se realizó un diagnóstico del estado técnico, se evaluaron las variables que provocan el aumento de averías y fallas, y el diseño de los formatos necesarios para el control de mantenimiento. 
650 7 |a MAQUINARIA - CONSERVACION Y REPARACION 
650 7 |b MANTENIMIENTO INDUSTRIAL 
650 7 |c GESTION DE MANTENIMIENO DE EQUIPOS 
650 7 |d MANTENIMIENTO PREVENTIVO 
700 1 |a Tutor:  |b Suarez Dávila, Marlon Efrén 
942 |c BK  |2 ddc 
991 |a TESIS 
999 |c 15681